[Event "Olympiad-32"]
[Site "Yerevan"]
[Date "1996.09.16"]
[Round "1.4"]
[White "Sammalvuo, Tapani"]
[Black "Rublevsky, Sergei"]
[Result "1/2-1/2"]
[WhiteElo "2370"]
[BlackElo "2645"]
[Annotator "Dolmatov,S"]
[PlyCount "117"]
[EventDate "1996.09.15"]
[EventType "team-swiss"]
[EventRounds "14"]
[EventCountry "ARM"]
[SourceTitle "CBM 055"]
[Source "ChessBase"]
[SourceDate "1996.12.01"]
[SourceVersion "1"]
[SourceVersionDate "1996.12.01"]
[SourceQuality "1"]
[WhiteTeam "Finland"]
[BlackTeam "Russia"]
[WhiteTeamCountry "FIN"]
[BlackTeamCountry "RUS"]

1. e4 c5 2. Nf3 e6 3. d4 cxd4 4. Nxd4 a6 5. Bd3 Nf6 6. O-O d6 7. c4 Bd7 8. Nc3
Nc6 9. Nxc6 Bxc6 10. Qe2 Be7 11. b3 O-O 12. Bb2 Qa5 (12... Re8 13. f4 d5 14.
cxd5 exd5 15. e5 Ne4 16. Nxe4 dxe4 17. Bxe4 Bb5 $13 {Arnason,I-Toshkov,T/
Yurmala/1987}) 13. f4 (13. Nd5 $2 exd5 14. exd5 Nxd5 15. cxd5 Qxd5) 13... Qh5
14. Qxh5 Nxh5 15. Be2 $6 (15. a4 Nf6 16. a5) 15... Nf6 16. Bf3 Rfc8 17. Ba3 Ne8
(17... Kf8 $5 18. Rad1 Ne8) 18. e5 Kf8 19. exd6 Bxd6 (19... Nxd6 $5 20. Rad1
Nf5 21. Bxe7+ Kxe7) 20. Bxd6+ Nxd6 21. Rad1 Nf5 22. Rd2 $5 (22. Kf2 b5) 22...
Ne3 $6 (22... b5 23. cxb5 Bxf3 24. Rxf3 axb5 25. Nxb5) 23. Rff2 h6 24. Rd3 Nf5
25. Bxc6 Rxc6 26. Rfd2 $14 b6 27. Kf2 (27. Rd7 b5) 27... Ra7 28. g4 Nh4 29. Kg3
Ng6 30. Rd8+ $2 (30. f5 $5 exf5 31. gxf5 Ne5 32. Rd8+ Ke7 33. Rg8 $16) 30...
Ke7 31. a4 Nf8 32. Na2 Nd7 33. Rh8 Nf6 (33... Nc5 34. Nb4 Rcc7 35. Rdd8 Nxb3
36. Nd5+ $1 exd5 37. Rhe8+ Kf6 38. Rd6#) 34. Nc3 Rd7 (34... b5 35. axb5 axb5
36. Nxb5 Ne4+ 37. Kg2) 35. Rxd7+ Nxd7 36. Ra8 (36. Ne4 b5 37. cxb5 axb5 38.
axb5 Rb6 39. Nc3) 36... Rd6 37. Ne4 Rd3+ 38. Kf2 a5 (38... Rxb3 39. Rxa6 f5 40.
gxf5 exf5 41. Ng3 Nc5 42. Ra7+ Kf6 43. Nh5+ Kg6 44. Nxg7) 39. c5 bxc5 (39... f5
40. gxf5 exf5 41. c6 fxe4 42. c7) 40. Ra7 (40. Rxa5 Rxb3 41. Nxc5 Nxc5 42. Rxc5
Rb4 $15) 40... Rd5 41. Ke3 g5 42. fxg5 hxg5 43. Rxa5 Re5 (43... c4 44. Rxd5
exd5 45. Nc3 cxb3 46. Nxd5+ Kd6 47. Nc3 Kc5) 44. Kf3 c4 45. Ra7 cxb3 46. Rb7
Ke8 (46... f5 47. gxf5 exf5 48. Nxg5) 47. Nd2 (47. Rxb3 $4 Rxe4 48. Kxe4 Nc5+)
47... Re1 (47... Nc5 48. Rb5 Rd5 49. Nxb3 Rd3+ 50. Ke2 Rxb3 51. Rxc5 Rh3 52.
Rxg5 $10) 48. Kf2 Rh1 $4 (48... Ra1 49. Nxb3 Rxa4 $17) 49. Nf1 Nc5 50. Rb8+ Ke7
51. Rb5 $4 $10 (51. a5 b2 52. Kg2 Rxf1 53. Kxf1 $18) 51... Nxa4 52. Rxb3 Nc5
53. Rf3 Ne4+ 54. Kg2 Rxf1 55. Rxf1 Nd6 56. h4 gxh4 57. Kh3 Kd7 58. Kxh4 Ke7 59.
Re1 1/2-1/2

[Event "Biel"]
[Site "Biel"]
[Date "1995.??.??"]
[Round "12"]
[White "Campora, Daniel Hugo"]
[Black "Milov, Vadim"]
[Result "1/2-1/2"]
[WhiteElo "2550"]
[BlackElo "2570"]
[Annotator "Donev,I"]
[PlyCount "115"]
[EventDate "1995.07.??"]
[EventType "tourn"]
[EventRounds "13"]
[EventCountry "SUI"]
[EventCategory "15"]
[SourceTitle "CBM 049"]
[Source "ChessBase"]
[SourceDate "1995.12.01"]
[SourceVersion "1"]
[SourceVersionDate "1995.12.01"]
[SourceQuality "1"]

1. e4 c5 2. Nf3 e6 3. d4 cxd4 4. Nxd4 a6 5. Bd3 Bc5 6. Nb3 Be7 7. O-O Nc6 8. c4
Nf6 9. Nc3 d6 10. f4 b6 11. Qe2 Bb7 12. Be3 Nb4 13. Bb1 Nd7 14. Rd1 Qc7 15. a3
Nc6 16. Ba2 Rc8 17. Rac1 Qb8 18. Nd2 O-O 19. Nf3 Rfd8 20. Bf2 Ba8 21. b4 Re8
22. e5 Rcd8 23. Bg3 dxe5 24. fxe5 a5 25. b5 Bc5+ 26. Kh1 Ne7 27. Bb1 Nf8 28. a4
Nfg6 29. Ne4 Bxe4 30. Bxe4 Nf5 31. Bxf5 exf5 32. e6 f4 33. exf7+ Kxf7 34. Ng5+
Kg8 35. Qh5 h6 36. Nf3 Re6 37. Re1 Qd6 38. Bh4 Rd7 39. Qf5 Rxe1+ 40. Bxe1 Be3
41. c5 bxc5 42. Rb1 c4 43. b6 Ne7 44. Qb5 Qd3 45. Bxa5 Rd5 46. Qe8+ Kh7 47. Re1
Rxa5 48. b7 Ba7 49. Qxe7 c3 50. Qb4 Rd5 51. b8=Q Bxb8 52. Qxb8 Qc4 53. Qb1+ c2
54. Qc1 Qb3 55. Nd2 Qd3 56. Ne4 Re5 57. Qxf4 Rxe4 {Wegen die schwache
Grundreihe, Weiß darf nicht den Re4 schlagen.} 58. Qf5+ {Der c2-Freibauern ist
zu stark,darum ist der Anziehende erzwungen Dauerschach zu geben.} (58. Qf5+
Kg8 (58... g6 59. Qf7+ Kh8 60. Qf8+) 59. Qc8+ Kh7 (59... Kf7 60. Qf5+ Kg8 61.
Qc8+) 60. Qf5+ {Dauerschach.}) 1/2-1/2

[Event "Liechtenstein op 13th"]
[Site "Liechtenstein"]
[Date "1995.??.??"]
[Round "9"]
[White "Paehtz, Thomas Sr"]
[Black "Arbakov, Valentin"]
[Result "1-0"]
[WhiteElo "2470"]
[BlackElo "2455"]
[Annotator "Donev,I"]
[PlyCount "63"]
[EventDate "1995.05.??"]
[EventType "swiss"]
[EventRounds "9"]
[EventCountry "LIE"]
[SourceTitle "EXT 1997"]
[Source "ChessBase"]
[SourceDate "1996.11.15"]
[SourceVersion "1"]
[SourceVersionDate "1996.11.15"]
[SourceQuality "1"]

1. e4 c5 2. Nf3 e6 3. d4 cxd4 4. Nxd4 a6 5. Bd3 d6 6. O-O Nd7 7. c4 Nc5 8. Bc2
b6 9. b4 Nd7 10. Bb2 Bb7 11. Nd2 Ngf6 12. Qe2 g6 13. f4 e5 14. N4f3 Bg7 15. c5
bxc5 16. Nc4 O-O 17. Nxd6 Bc6 18. Nxe5 Nxe5 19. fxe5 Nd7 20. Rxf7 $1 $16 Rxf7
21. Nxf7 Qe7 (21... Kxf7 22. e6+ (22. Qc4+ Ke7 23. Bb3 $18) 22... Kg8 23. exd7
Bxb2 24. Bb3+ $18) 22. Bb3 $18 Bb5 23. Nd6+ Kh8 24. Qd2 Nxe5 25. a4 Bc6 26. Rf1
c4 27. Bxe5 Bxe5 28. Nf7+ Kg7 29. Qh6+ Kg8 30. Bxc4 Bd4+ 31. Kh1 Bxe4 32. Nd8+
1-0

[Event "Nations Cup Online Prelim"]
[Site "Chess.com INT"]
[Date "2020.05.05"]
[Round "1.3"]
[White "Duda, Jan Krzysztof"]
[Black "Andreikin, Dmitry"]
[Result "1-0"]
[WhiteElo "2753"]
[BlackElo "2726"]
[Annotator "Duda,Jan Krzysztof"]
[PlyCount "77"]
[EventDate "2020.05.05"]
[EventType "team-tourn"]
[EventRounds "10"]
[EventCountry "USA"]
[SourceTitle "CBM 196"]
[Source "ChessBase"]
[SourceDate "2020.06.30"]
[SourceVersion "1"]
[SourceVersionDate "2020.06.30"]
[SourceQuality "1"]
[WhiteTeam "Europe"]
[BlackTeam "Russia"]
[BlackTeamCountry "RUS"]

{[%evp 0,77,28,25,45,43,50,26,35,39,73,38,48,44,52,37,67,56,67,58,52,45,40,34,
48,18,17,37,29,29,42,32,53,42,49,45,62,40,61,27,27,24,43,33,140,81,104,123,123,
72,145,138,127,132,109,136,200,143,164,178,173,138,161,188,317,225,231,164,164,
319,269,269,314,341,324,405,342,297,29993,29994]} {In the first round of the
competition the Europe team was to play the Russia team. Being on 4th board, I
could have played either Karjakin or Andreikin. Considering my results so far
against both of these players, I was almost convinced that Karjakin would have
been the one. So I made a serious preparation after 1.d4, only to learn 5
minutes before the game that I would be playing against Andreikin instead.
Looking at his games before, I realised he was far less conservative player
than Sergey, so in the end I decided to switch back to 1.e4, without having
anything particular in mind :)} 1. e4 c5 {This was only a minor surprise. My
opponent usually had played 1...e5, and I was kind of interested what
improvement in the Italian Game he may have had in mind, after our game in the
World Cup 2019. But I remember him winning the U20 championship with the
Paulsen Defence, which had been his main weapon against 1.e4} 2. Nf3 e6 3. d4
cxd4 4. Nxd4 a6 5. Bd3 {I already here spent quite some time, trying to recall
my games in this variation, as well as figuring out what to do in the
variation with Bc5-Ba7 which he used to play} Nf6 (5... Bc5 6. Nb3 Ba7 {
as described it was my main concern.}) 6. O-O Qc7 {I hadn't quite expected to
get the possibility to employ the Maroczy setup. The next few moves are
perhaps a bit random from my side, they look natural enough though.} 7. Qe2 d6
8. c4 g6 9. Nc3 Bg7 10. Be3 O-O 11. Rac1 Nbd7 12. b3 b6 {So we got this. At
first I was quite upset, because I couldn't find any sensible-looking plan.
But after a while, I realised that this was also Black's concern, so having
some extra space shouldn't be too bad :)} 13. Rfd1 Bb7 14. f3 Rac8 15. Qf2 {
Eyeing b6. The major plan for Black is obviously to get the d5 push working,
but it's easier said than done. I thought that in the worst scenario, we could
exchange everything after it, so I wasn't that perplexed anymore, and decided
to shuffle pieces a bit and see what he was going to do. When one makes all
the routine moves, and there is no clear way to free the position, not seeing
any obvious improvements and lacking patience, one usually starts to weaken
his position. I hoped it would be the case here as well} Qb8 16. Bf1 Rfd8 (
16... d5 {does not work} 17. cxd5 exd5 18. Nxd5 Nxd5 19. exd5 $16) (16... Rfe8
{felt more natural to me, but possibly it doesn't matter at all.}) 17. Kh1 h5
$2 {I don't like the look of this move, as Black is losing flexibility on the
kingside. I'd prefer to have the knight on h5, rather than the pawn.} (17... d5
{was perhaps the best moment for this push in the entire game, but still it
looks unappealing to me:} 18. exd5 exd5 19. Nxd5 (19. cxd5 b5) 19... Nxd5 20.
cxd5 Rxc1 (20... Nc5 21. d6 $5 ({but the normal} 21. Bc4 {is good as well} b5 (
21... Bxd5 22. Nf5 $1 Qe5 23. Bxa6 $1 Nxa6 24. Rxc8 Rxc8 25. Nxg7 f6 26. Bh6
$16 {It's quite tricky to get here, but White remains on top.}) 22. Bf1 Rxd5
23. Nxb5 $1 $16) 21... Be5 22. b4 Na4 23. b5 $16) 21. Rxc1 {Black doesn't
equalize, and the position is a highly computerish one, where people would
have a difficult task. Anyway, the fun is on White's side, and Black struggles
to make a draw.} (21. Bxc1 Nc5 {equalises at once} (21... Nf6 $2 22. Bxa6 $1 {
is a cunning trick})) 21... Qd6 22. Nc6 Re8 23. Re1 Bc3 (23... Qxd5 24. Nb4 Qe6
25. Qd2 Ne5 26. Bg1 $36) 24. Re2 Qxd5 25. Bd4 Rxe2 26. Qxe2 Bb4 27. Qe7 $5 {
is a lovely solution, with nagging pressure for White}) (17... h6 {would be my
choice, perhaps aiming for g5-Ne5 at some moment}) 18. h3 {I'm not sure if
this is necessary, because it creates a juicy g3-square around White's king.
But I wonder how Black is even going to install some piece on g3?} (18. Bg5 {
and Qd2 is the preference of the engine.}) 18... Ba8 (18... d5 $6 19. cxd5 exd5
20. Nxd5 Nxd5 21. exd5 Rxc1 22. Rxc1 Bxd5 23. Bxa6 $16) (18... Kh7 {was
interesting, asking White to evaluate the exchange of the dark-squared bishops
with Bh6, but not neccessarily going for it}) 19. b4 $16 {Finally some plan!
White aims to play Na4-Nb3 and then possibly c5.} Ne5 20. Na4 Ned7 $2 {Losing
two tempi can't be right, but it's difficult to suggest something meaningful.}
(20... b5 21. cxb5 d5 {looks like to much to be true}) (20... Nfd7 21. Nb3 Rc6
{makes sense, but the e5-knight is a bit shaky, and Black needs to watch out
for it in each turn} 22. a3) 21. Nb3 b5 $2 {Losing by force.} (21... Rc6 {
was mandatory. Black's position is still hard to crack, although White has
many good options to choose from} 22. c5 $16 (22. Bf4 Bf8 23. Qh4 Be7 24. Bg5
$16)) 22. Nb6 $6 (22. Ba7 $1 {was a clincher, but I missed this idea
altogether:} Qb7 23. Na5 Qc7 24. cxb5 Qxc1 25. Rxc1 Rxc1 26. Nb3 Rb1 27. bxa6
$18 {and it looks like White is going to queen soon. The move in the game is
good enough for a big advantage though.}) 22... Nxb6 23. Bxb6 bxc4 (23... Rf8 {
perhaps was more stubborn, but either way White has a simple plan to advance
his passed pawns:} 24. cxb5 axb5 25. Bxb5 d5 26. e5 $1 {the key idea, slowing
down Black's counterplay -} Qxe5 27. a4) 24. Bxc4 $18 Re8 (24... Bh6 25. Bxd8
Rxd8 26. Rc2 $18) (24... Rf8 {not allowing some potential Bb5 attacks, but it
changes little:} 25. Bxa6 Rxc1 26. Rxc1 Nd7 27. Ba5 $18) 25. Bxa6 Rxc1 26. Rxc1
d5 27. b5 {Very direct, threating Bc7.} Qd6 28. Bc5 (28. Bc7 Qa3 29. e5 Nd7 30.
Bd6 Qa4 31. f4 g5 32. Rc7 $18) (28. e5 Qxe5 29. Bc7 Qg5 30. b6 e5 31. a4 $18)
28... Qd8 $6 (28... Qb8 {was more stubborn, but of course at the very least I
could repeat the position and figure something out.} 29. e5 (29. Ba7 Qd6 {
is no better}) (29. Bb6 Qd6 30. e5) 29... Qxe5 30. b6 {This is winning as well,
but here I believe Black has the best chances to generate a fight.} Nd7 31. Bd4
Qd6 32. Bxg7 Kxg7 33. Bb5 e5 34. a4 d4 35. a5 Re7 36. Bxd7 Qxd7 37. Qd2 $18)
29. b6 Qb8 (29... dxe4 30. b7 Qd5 31. bxa8=Q Rxa8 32. Bc4 $18 {is hardly an
improvement.}) 30. e5 Nd7 (30... Qxe5 31. a4 $18 {no rush!}) 31. f4 $18 {
White is completely winning.} g5 32. Bd4 gxf4 33. Bb5 Nxe5 {Here something
strange happened, because I had like 3 minutes remaining, and spent 2 of them
calculating some rather unnecessarily sharp stuff, while missing the simple
Bxe5.} 34. Bxe5 (34. Bxe8 Nd3 35. Qh4 $1 Nxc1 (35... Qxe8 36. Bxg7 $18) 36. Qe7
$1 {was my intended line, which is apparently checkmate in 12 moves, but why
bother?} Qb7 37. Bxf7+ Kh7 38. Qxe6 $18) 34... Bxe5 35. Bxe8 Qxe8 36. Qe2 {
Going on h5 or a6. Black could safely resign here.} Qb8 37. Nc5 Bd6 38. Nxe6
Qxb6 39. Rc8+ {The cool win, which saved the match.} 1-0

[Event "FRA-chT Top 12"]
[Site "Saint Quentin"]
[Date "2014.05.24"]
[Round "1.2"]
[White "Edouard, Romain"]
[Black "Kveinys, Aloyzas"]
[Result "1/2-1/2"]
[WhiteElo "2692"]
[BlackElo "2547"]
[Annotator "Edouard,R"]
[PlyCount "149"]
[EventDate "2014.05.24"]
[EventType "team-tourn"]
[EventRounds "11"]
[EventCountry "FRA"]
[SourceTitle "CBM 161"]
[Source "ChessBase"]
[SourceDate "2014.07.16"]
[SourceVersion "1"]
[SourceVersionDate "2014.07.16"]
[SourceQuality "1"]
[WhiteTeam "Bischwiller"]
[BlackTeam "Haute Picardie"]
[WhiteTeamCountry "FRA"]
[BlackTeamCountry "FRA"]

1. e4 c5 2. Nf3 e6 3. d4 cxd4 4. Nxd4 a6 5. Bd3 Nf6 6. O-O e5 {A slightly
dubious line, but fashionable nowadays.} 7. Bg5 h6 (7... exd4 $2 8. e5 Qa5 9.
Bd2 $18) 8. Bxf6 Qxf6 9. Nf5 g6 10. Ne3 Bc5 11. Nc3 d6 12. Ncd5 Qd8 13. b4 (13.
Kh1 Nc6 14. Ng4 O-O 15. Ngf6+ Kg7 16. c3 Be6 17. f4 Bxd5 18. Nxd5 exf4 19. Rxf4
Qg5 20. Qf1 Ne5 {was good for Black in 0-1 (39) Topalov,V (2770)-Caruana,F 
(2736) NED 2012.}) 13... Ba7 14. c3 ({A critical line could be} 14. Qd2 Be6 15.
Be2 {, though after} Kf8 (15... O-O 16. Ng4 h5 $4 17. Ndf6+ $18) 16. Kh1 Nc6
17. c3 Kg7 18. Rad1 Rc8 {the position was decent for Black in 1/2-1/2 (51)
Gagunashvili,M (2547)-Pantsulaia,L (2614) Tbilisi GEO 2014.}) 14... Be6 15. a4
O-O 16. a5 Nd7 17. Bc4 {I used a very simple positional plan. It seems that
White is doing very well but actually Black's bishop on a7 always provides a
lot of counterplay. The position is actually pretty balanced here.} Rc8 18. Qd3
Kg7 19. Rad1 Rc6 $5 (19... Nf6 $5 20. Nxf6 Qxf6 21. Bxe6 fxe6 22. Nc4 Rcd8 {
should be reasonably good for Black.}) 20. Ba2 Nf6 (20... f5 {
"Sveshnikov-style" looked too ambitious to me due to} 21. exf5 gxf5 22. c4 {
with the idea of playing b5, while} e4 $6 {is met by} (22... f4 $4 23. Bb1 $18)
23. Nf4 $16) 21. c4 {Too ambitious but it seemed to me that the rest would be
quite easy to play for Black.} Rc8 $1 22. Kh1 Bd4 23. f4 Bxd5 24. exd5 Re8 $1 {
An interesting prophylactic move against Nc2.} (24... Nd7 $5) 25. fxe5 $1 (25.
Nc2 $2 Ba7 {would be a much better version for Black as the bishop is
extremely well placed on a7.}) 25... Bxe5 26. Bb1 $2 (26. c5 $1 {was critical,
with many amusing possibilities for the game to continue:} Bxh2 $5 (26... Nh5
$5 27. Nc4 (27. Bb1 Bf4 28. Qd4+ Be5 $11) 27... Qh4 28. Nxe5 Rxe5 29. c6 Rc7 (
29... Nf6 $5) 30. g3 (30. Qc3 Nf6 $132) 30... Qh3 $13) (26... h5 27. Nc4 Ng4
28. h3 Qh4 29. Nxe5 Nxe5 30. Qd2 $36) (26... dxc5 $2 27. d6 $40) 27. g3 $1 {
(the move I missed during the game)} (27. Nc4 Be5 $132) (27. Kxh2 $2 Rxe3 $17)
(27. Rxf6 $2 Qxf6 28. Ng4 (28. Kxh2 $2 Qf4+ $19) 28... Qh4 (28... Qf5 $5) 29.
Nxh2 Re1+ 30. Rxe1 Qxe1+ 31. Nf1 Qh4+ 32. Kg1 Qxb4 $17) 27... Kg8 $5 (27...
Bxg3 28. Nf5+ gxf5 29. Qxg3+ $16) (27... Re5 28. Rxf6 Qxf6 29. Ng4 Qg5 30. Nxe5
Bxg3 31. Nf3 $14) 28. Ng2 (28. Nc4 Bxg3 29. Qxg3 Nh5 30. Qf3 Re4 $40) 28... Ng4
29. Qf3 f5 30. Rde1 $44) 26... Qd7 (26... b6 $5) 27. Rf3 Nh7 $2 ({During the
game I was afraid of} 27... Ng4 $1 28. Rdf1 (28. Rxf7+ $2 Qxf7 29. Nxg4 Qf5 $17
) 28... Re7 $5 ({was also making me afraid, but in fact after} 28... Nxe3 29.
Rxf7+ Qxf7 30. Rxf7+ Kxf7 31. Qxe3 Bf6 32. Qg3 g5 33. Bd3 {White may just be
better, though I don't really believe my winning chances are high at all.} Re5)
29. Rxf7+ Rxf7 30. Qxg6+ Kf8 31. Rxf7+ Qxf7 32. Qxg4 Rc7 $132) 28. Rdf1 Nf8 29.
c5 $5 (29. Rxf7+ Qxf7 30. Rxf7+ Kxf7 31. g3 {may just be a big advantage, but
for some reason I totally underestimated that kind of position for White.})
29... Re7 (29... dxc5 30. Nc4 $16) 30. Nc4 Rce8 31. Ba2 (31. c6 Qc7 32. Nxe5
Rxe5 33. Rxf7+ Qxf7 34. Rxf7+ Kxf7 35. h4 $18) (31. Bc2 $1 {with Ba4-ideas
would win on the spot:} f5 $8 32. g4 $18) 31... f5 32. g4 $1 fxg4 33. Nxe5 $2 (
33. R3f2 g3 34. Nxe5 Rxe5 35. Qxg3 $18) 33... Rxe5 34. Rf6 Rf5 35. Rxd6 Rxf1+
36. Qxf1 Qa4 $4 (36... Qf5 37. Qxf5 gxf5 38. Bc4 $16) (36... Qe7 $1 $11) 37.
Qa1+ Kh7 (37... Kg8 38. Rxg6+ Nxg6 39. d6+ Kh7 40. Bg8+ $18) 38. Rf6 Qd7 39. d6
Ne6 40. Bd5 $4 {All of a sudden I played this move instead of giving one of
the mates which I had seen earlier! Chess players sometimes make
incomprehensible decisions.} (40. Qb1 {or}) (40. Bxe6 Rxe6 41. Rf8 {would mate
at once.}) 40... Ng5 41. Rf1 g3 42. Bg2 Re2 43. Rf8 Nf7 44. Bd5 $4 {Spending
all my time to play an incredibly bad move.} ({My initial idea} 44. Qf6 $4 {
wouldn't have worked either:} Re1+ 45. Bf1 g2+ 46. Kxg2 Qg4+ 47. Kf2 Rxf1+ 48.
Kxf1 Qd1+ {and this is a perpetual!}) ({But} 44. hxg3 Qe6 45. Qd4 {wins at
once.}) 44... g2+ $4 (44... Ne5 $1 45. Qc3 Qg4 $1 $11) (44... Rf2 $5) 45. Kg1
Ne5 46. Bg8+ (46. Qc3 $18) 46... Kg7 47. Bc4 $5 (47. Rf7+ Qxf7 48. Bxf7 Kxf7
49. Qc3 {might just win:} g5 50. Qb3+ Kf6 51. Qd5 g4 52. d7 Nf3+ 53. Qxf3+ gxf3
54. d8=Q+ Kf5 55. Qh4 $18) 47... Kxf8 48. Bxe2 Qf5 49. Qd4 Ke8 50. Kxg2 Kd8 51.
h3 h5 52. Qh4+ Kc8 53. Qd4 (53. Kg3 $5) 53... Qg5+ 54. Kh2 h4 55. Bg4+ Kd8 (
55... Kb8 $142) 56. Kg2 Qf6 57. Qd5 $4 $138 (57. c6 bxc6 58. Qb6+ Ke8 59. Qc7
$18) 57... Nxg4 58. hxg4 g5 59. Qg8+ Kd7 60. Qh7+ Ke8 61. Qg8+ Kd7 62. Qh7+ Ke8
63. Qxb7 $2 {The position was already not an easy win anymore.} Qb2+ 64. Kf3
Qb3+ 65. Ke4 Qe6+ $1 {Good. That's a draw.} 66. Kd4 Qf6+ 67. Ke3 Qf4+ 68. Kd3
Qf1+ 69. Kd4 Qf6+ 70. Kd3 Qf1+ 71. Kc3 Qc1+ 72. Kd4 Qa1+ 73. Ke3 Qe1+ 74. Kd4
Qa1+ 75. Ke3 1/2-1/2

[Event "FRA-ch 90th"]
[Site "Saint Quentin"]
[Date "2015.08.14"]
[Round "6"]
[White "Edouard, Romain"]
[Black "Shchekachev, Andrei"]
[Result "1-0"]
[WhiteElo "2634"]
[BlackElo "2555"]
[Annotator "Edouard,R"]
[PlyCount "43"]
[EventDate "2015.08.09"]
[EventType "tourn"]
[EventRounds "11"]
[EventCountry "FRA"]
[EventCategory "14"]
[SourceTitle "CBM 168"]
[Source "ChessBase"]
[SourceDate "2015.09.14"]
[SourceVersion "1"]
[SourceVersionDate "2015.09.14"]
[SourceQuality "1"]

1. e4 c5 2. Nf3 e6 3. d4 cxd4 4. Nxd4 a6 5. Bd3 Bc5 6. Nb3 Be7 7. Qg4 g6 8. Qe2
d6 9. O-O Nc6 (9... Nd7 {is more usual but a very convincing game for White
was played in 2014:} 10. Nc3 Qc7 11. Bd2 b6 12. Rae1 Bb7 13. f4 Ngf6 14. e5 Nd5
15. Ne4 dxe5 16. fxe5 O-O 17. Nf2 Nb4 18. Bh6 Rfd8 19. Ng4 Bh4 20. g3 Nxd3 21.
cxd3 Be7 22. Qf2 $18 {1-0 (30) Grandelius,N (2576)-Smirin,I (2642) SWE 2014})
10. Nc3 Ne5 (10... b5 11. a4 b4 12. Na2 Nf6 13. Bh6 Bf8 14. Bd2 Qb6 15. Rad1 {
also looks quite dubious for Black.}) 11. f4 Nxd3 12. cxd3 Nf6 13. f5 $1 $146 {
Other moves so far have not been too convincing for White. But here Black is
just in trouble.} e5 (13... exf5 14. exf5 O-O (14... Bxf5 15. Nd4 $16) 15. Bh6
Re8 16. fxg6 hxg6 17. Qf2 Bf5 18. Qd4 $40) (13... O-O 14. Bh6 exf5 (14... Re8
$2 15. fxg6 hxg6 16. Qf2 $18) 15. Bxf8 Bxf8 16. Kh1 $40) 14. d4 Rg8 $6 (14...
Bd7 {is kind of the only move, but Black is just positionally worse.}) 15. dxe5
dxe5 16. Bg5 Bd7 (16... gxf5 17. Bxf6 Bxf6 18. Rad1 (18. Kh1 $5) 18... Qb6+ 19.
Kh1 Be6 20. exf5 Bxb3 21. axb3 $16) 17. Rad1 Rc8 (17... gxf5 18. Bxf6 Bxf6 19.
Kh1 $16) 18. Kh1 Nh5 $6 19. f6 $1 Bf8 (19... Nxf6 20. Qf3 Rc6 21. Nd5 $18) 20.
Qf2 Nf4 (20... h6 21. Be3 Rc6 22. Nd5 $18) 21. Bxf4 exf4 22. Nd5 1-0